| 000 | 01094cam a2200289 i 4500 | ||
|---|---|---|---|
| 001 | 63025 | ||
| 003 | Mx-PuUPA | ||
| 005 | 20250910105834.0 | ||
| 008 | 150625s2005 mx a gr 000 0 spa d | ||
| 040 |
_aMx-PuUPA _bspa _cMx-PuUPA _dMx-PuUPA _erda |
||
| 041 | 0 | _aspa | |
| 100 | 1 |
_aMartínez y Torres, Lilia, _eautor _91260 |
|
| 245 | 1 | 0 |
_aPuebla de los Ángeles 1858-1993 / _cinvestigación, Lilia Martínez y Torres ; edición de imágenes, Adrián Mendieta, Lilia Martínez y Torres |
| 250 | _aPrimera edición | ||
| 264 | 1 |
_aMéxico : _bUniversidad de las Américas Puebla. Fototeca Lorenzo Becerril, _c2005 |
|
| 300 |
_a191 páginas : _bilustraciones ; _c33 cm. |
||
| 336 |
_atexto _2rdacontent _btxt |
||
| 337 |
_asin medio _2rdamedia _bn |
||
| 338 |
_avolumen _2rdacarrier _bnc |
||
| 651 | 4 |
_aPuebla _xHstoria |
|
| 651 | 4 |
_aPuebla _xVida social y costumbres |
|
| 700 | 1 |
_aMendieta, Adrián, _eeditor de imágenes |
|
| 700 | 1 |
_aMartínez y Torres, Lilia, _eeditor de imágenes _91260 |
|
| 942 |
_2ddc _cLI _h972.48 _iM28 |
||
| 999 |
_c63025 _d63025 |
||